000 00640nam a2200241Ia 4500
001 dia_2340
003 CHAP
005 20251027145716.0
008 220117s1981 xx 000 0 und d
010 _a172862
040 _cCHAP
082 _a658.15 B6
100 _aBolten, Steven E.
_913603
245 _aAdministración Financiera /
_c por Steven E. Bolten
260 _aMéxico :
_b Limusa,
_c1981
300 _a895 p.
500 _aC/e
650 _a1.Administración Financiera
_9152616
901 _a658.15 B6
902 _aM
905 _a0000001981 MEXX 0000000000ESP00
942 _cLIBRO
_2ddc
999 _c172862
_d172862